| Поле | Название | Значение |
| |
Тип записи |
a |
| |
Библиографический уровень |
m |
| 001 |
Контрольный номер |
RU\infra-m\znanium\bibl\2231491 |
| 005 |
Дата корректировки |
20260429142238.6 |
| 008 |
Кодируемые данные |
260120s2025 RU g rus u |
| 020 |
Индекс ISBN |
__ |
| a |
ISBN |
978-5-9614-2071-5 |
| 040 |
Источник каталогиз. |
__ |
| a |
Служба первич. каталог. |
Общество с ограниченной ответственностью «ЗНАНИУМ» |
| 041 |
Код языка издания |
__ |
| a |
Код языка текста |
rus |
| 044 |
Код страны публикации |
__ |
| a |
Код страны публикации |
RU |
| 080 |
Индекс УДК |
__ |
| a |
Индекс УДК |
17 |
| 084 |
Индекс другой классификации/Индекс ББК |
__ |
| 2 |
Источник индекса |
rubbk |
| a |
Индекс другой классификации/Индекс ББК |
885 |
| 084 |
Индекс другой классификации/Индекс ББК |
__ |
| 2 |
Источник индекса |
okso |
| a |
Индекс другой классификации/Индекс ББК |
45.03.02 |
| 100 |
Автор |
__ |
| a |
Автор |
Непряхин Н.Ю. |
| q |
Полное имя |
Непряхин Никита Юрьевич |
| 245 |
Заглавие |
__ |
| a |
Заглавие |
Убеждай и побеждай: Секреты эффективной аргументации |
| b |
Продолж. заглавия |
Секреты эффективной аргументации Учебное пособие; Практическое пособие |
| 250 |
Сведения об издании |
__ |
| a |
Основные сведения об издании |
1 |
| 260 |
Выходные данные |
__ |
| a |
Место издания |
Москва |
| b |
Издательство |
ООО "Альпина Паблишер" |
| c |
Дата издания |
2026 |
| 300 |
Физическое описание |
__ |
| a |
Объем |
252 с. |
| 520 |
Аннотация |
__ |
| a |
Аннотация |
Умение отстаивать свою точку зрения и способность убеждать оппонента в собственной правоте часто являются ключевыми элементами успеха. Если оставить в стороне эмоции и нечестные риторические приемы в основе искусства переговорщика всегда лежит грамотно выстроенная линия аргументации. Первая в России книга по практической аргументации отвечает на вопросы: как убедить собеседника в своей правоте и какие приемы при этом использовать как грамотно построить защиту своего тезиса что такое манипулятивные уловки и как от них защититься какие бывают логические ошибки в чем заключаются 30 «золотых» правил эффективного убеждения и многие другие. Книга содержит много реальных примеров а также любопытных практических заданий и будет полезна всем кто интересуется риторикой и ведением переговоров. |
| 521 |
Примеч. о цел. назн. |
__ |
| a |
Примеч. о целев. назн. |
Дополнительное профессиональное образование |
| 650 |
Тематические рубрики |
__ |
| a |
Основная рубрика |
Филологические науки |
| x |
Основная подрубрика |
Риторика. Культура речи. Ораторское искусство |
| 655 |
Указ. предметных рубрик (устаревшее) |
__ |
| a |
Жанр/ форма (устаревшее) |
Практическое пособие |
| 856 |
Электронный адрес документа |
4_ |
| a |
Имя сервера/домена |
znanium.ru |
| m |
Помощь |
ebs_support@infra-m.ru |
| n |
Местонахождение сервера |
НИЦ ИНФРА-М |
| u |
URL |
https://znanium.ru/catalog/document?id=471799 |
| 856 |
Электронный адрес документа |
48 |
| a |
Имя сервера/домена |
znanium.ru |
| d |
Путь |
/cover/2231 |
| f |
Электронное имя |
2231491.jpg |
| q |
Тип электронного формата |
image/jpeg |
| u |
URL |
https://znanium.ru/cover/2231/2231491.jpg |
| 911 |
|
__ |
| u |
|
0030=https://znanium.ru/catalog/document?id=471799 |